| 000 | 01027cam a2200253 4500 | ||
|---|---|---|---|
| 001 | J2092 | ||
| 008 | 090401t1994 xxu||||| |||| 00| 0 eng d | ||
| 035 | _a(Sirsi) u47097 | ||
| 041 | _aeng | ||
| 050 | _a692.3 | ||
| 110 |
_aNottingham Trent University _9672 |
||
| 245 | _aMeasurement and contractors conference, 1 February 1994. | ||
| 260 |
_aNottingham _bNottingham Trent University _c1994 |
||
| 300 | _a63 leaves ; 30cm. | ||
| 350 | _a7.5 | ||
| 520 | _aPapers:- Measurement: an area for dispute/ BAYLISS, N. - The estimator`s viewpoint/ RABBETTS, B. - Does CAD measure up to the contractor?/ COOK, M. - Measurement and qualification for the design and construct contractor/ SHAKESHAFT, D. - The evaluation of risk as a measurement technique/ PASQUIRE, C. - Value engineering and bills of quantities/ ARDLEY, A. | ||
| 650 | _aBILLS OF QUANTITIES | ||
| 650 | _aDESIGN AND BUILD | ||
| 650 | _aESTIMATING | ||
| 650 | _aVALUE ENGINEERING | ||
| 690 |
_aQuantity surveying _96263 |
||
| 942 | _n0 | ||
| 948 | _c04/03/1997 | ||
| 999 |
_c92070 _d92070 |
||